000 01063cab a22001935a 4500
001 L148783
008 091109s2009 xxk df 000 0 eng d
035 _a(Sirsi) u148783
041 0 _aeng
110 2 _aAsia Property
_95589
245 0 0 _aSurvey
_bresidential
260 _c2009
490 _aAsia Property
_vOctober 2009, 19-25(7)
520 _aLong-term demand for housing fuelled by explosive population growth makes it a promising investment market, especially in China, Hong Kong and Singapore. Chinese government is set to cool down the overheating Chinese urban housing markets. Foreign, in particular Chinese, buyers are buoying up the luxury housing markets in Singapore and Hong Kong. Demand from the domestic middle class is sustaining Vietnam?s residential market as foreign buyers lose their appetite. Opportunities are growing for developers in Japan and Australia?s retirement living sector. Graphs and tables.
590 _aKA
651 4 _aAsia Pacific
690 _aPROPERTY-RESIDENTIAL PROPERTY-RESIDENTIAL PROPERTY MARKET
942 _n0
999 _c81957
_d81957